Statistics for Pro Wrestling Illustrated Woman of the Year with Runners up

Click here to take the quiz!

General Stats

  • This quiz has been taken 13 times
  • The average score is 58 of 93

Answer Stats

HintAnswer% Correct
2002Trish Stratus
100%
2006Trish Stratus
100%
2005Trish Stratus
100%
Trish Stratus
100%
2003Trish Stratus
100%
2018Becky Lynch
91%
Becky Lynch
91%
Becky Lynch
91%
2019Becky Lynch
91%
Lita
91%
2001Lita
91%
Lita
91%
Lita
91%
Alexa Bliss
82%
2017Asuka
82%
Asuka
82%
Asuka
82%
2020Bayley
82%
Bayley
82%
Charlotte Flair
82%
Charlotte Flair
82%
2016Charlotte Flair
82%
Charlotte Flair
82%
Nikki Bella
82%
Ronda Rousey
82%
2015Sasha Banks
82%
Sasha Banks
82%
Bianca Belair
73%
2022Bianca Belair
73%
Gail Kim
73%
Gail Kim
73%
Kelly Kelly
73%
Michelle McCool
73%
Michelle McCool
73%
2010Michelle McCool
73%
Molly Holly
73%
2008Awesome Kong
64%
2021Britt Baker
64%
Britt Baker
64%
2007Candice Michelle
64%
Chyna
64%
2009Mickie James
64%
Mickie James
64%
2011Mickie James
64%
Mickie James
64%
Mickie James
64%
2000Stephanie McMahon
64%
Stephanie McMahon
64%
Stephanie McMahon
64%
Stephanie McMahon
64%
Stephanie McMahon
64%
Stephanie McMahon
64%
Tara
64%
2013AJ Lee
55%
2014AJ Lee
55%
2012AJ Lee
55%
Angelina Love
55%
Angelina Love
55%
Beth Phoenix
55%
Beth Phoenix
55%
Beth Phoenix
55%
Paige
55%
Paige
55%
Stacy Keibler
55%
Stacy Keibler
55%
Stacy Keibler
55%
Torrie Wilson
55%
Torrie Wilson
55%
Torrie Wilson
55%
Victoria
55%
2004Victoria
55%
Melina
45%
Shayna Baszler
45%
Tessa Blanchard
45%
Tessa Blanchard
45%
Cheerleader Melissa
36%
Dixie Carter
36%
Dixie Carter
36%
Eve Torres
36%
Kaitlyn
36%
Thunder Rosa
36%
Brandi Rhodes
27%
Christy Hemme
27%
Deonna Purrazzo
27%
Jade Cargill
27%
Jessica Havok
27%
Karen Jarrett
27%
Madison Eagles
27%
Madison Eagles
27%
Major Gunns
27%
Sara Del Ray
27%
Sienna
27%
Madison Rayne
18%

Score Distribution

Percentile by Number Answered

Percent of People with Each Score

Your Score History

You have not taken this quiz